|
|
|
|
| LEADER |
01435nam a2200373 a 4500 |
| 001 |
000701161 |
| 003 |
CZ BrMZK |
| 005 |
20110629130035.0 |
| 007 |
ta |
| 008 |
031219s2003 xr a e p 000 0 cze d |
| 015 |
|
|
|a cnb001299032
|
| 020 |
|
|
|a 80-7318-167-3
|q (brož.)
|z 80-7318-001-4
|
| 035 |
|
|
|a (OCoLC)56856176
|
| 040 |
|
|
|a ABA001
|b cze
|d BOA001
|
| 072 |
|
7 |
|a 658
|x Řízení a správa podniku
|2 Konspekt
|9 4
|
| 072 |
|
7 |
|a 37.016
|x Učební osnovy. Vyučovací předměty. Učebnice
|2 Konspekt
|9 22
|
| 080 |
|
|
|a 339.138
|2 MRF
|
| 080 |
|
|
|a 658.8
|2 MRF
|
| 080 |
|
|
|a (075.8)
|2 MRF
|
| 100 |
1 |
|
|a Šumberová, Pavla
|7 mzk2011647930
|4 aut
|
| 245 |
1 |
0 |
|a Základy marketingu /
|c Pavla Šumberová, Vratislav Kozák
|
| 250 |
|
|
|a Vyd. 4. nezměn.
|
| 260 |
|
|
|a Zlín,
|c 2003 :
|b Univerzita Tomáše Bati
|
| 300 |
|
|
|a 101 s. :
|b il. ;
|c 30 cm
|
| 500 |
|
|
|a Nad názvem: Univerzita Tomáše Bati ve Zlíně, Fakulta managemnetu a ekonomiky
|
| 500 |
|
|
|a 150 výt.
|
| 504 |
|
|
|a Obsahuje bibliografii
|
| 650 |
0 |
7 |
|a marketing
|7 ph115227
|2 czenas
|
| 655 |
|
7 |
|a učebnice vysokých škol
|7 fd133772
|2 czenas
|
| 700 |
1 |
|
|a Kozák, Vratislav,
|d 1956-
|7 xx0015951
|4 aut
|
| 856 |
4 |
1 |
|u http://www.digitalniknihovna.cz/mzk/uuid/uuid:ea943190-e239-11e2-9923-005056827e52
|y Digitalizovaný dokument
|x NDK
|
| 910 |
|
|
|a BOA001
|b 3-1126.881
|
| 990 |
|
|
|a BK
|
| 996 |
6 |
|
|b 2610206517
|c 3-1126.881
|l MZK
|r Sklad / do 1 hodiny
|n 2
|p p.v.
|w 000701161
|u 000010
|a 1
|e BOA001
|j MZK50
|s P
|